Polymer mixing and extrusion technology (Record no. 41490)

MARC details
000 -LEADER
fixed length control field 00444nam a2200157Ia 4500
082 ## - DEWEY DECIMAL CLASSIFICATION NUMBER
Classification number 678.023.3
Item number CHE
100 ## - MAIN ENTRY--AUTHOR NAME
Personal name Cheremisinoff, Nicholas P
245 #0 - TITLE STATEMENT
Title Polymer mixing and extrusion technology
260 ## - PUBLICATION, DISTRIBUTION, ETC. (IMPRINT)
Place of publication New York
Name of publisher Marcel Dekker
Year of publication 1987
490 ## - SERIES STATEMENT
Series statement Plastics Engineering 16
650 ## - SUBJECT ADDED ENTRY--TOPICAL TERM
Topical Term Plastics extrusion
650 ## - SUBJECT ADDED ENTRY--TOPICAL TERM
Topical Term Plastics mixing
650 ## - SUBJECT ADDED ENTRY--TOPICAL TERM
Topical Term Rubber compounding
942 ## - ADDED ENTRY ELEMENTS (KOHA)
Koha item type Books
Holdings
Withdrawn status Lost status Damaged status Not for loan Home library Current library Date acquired Cost, normal purchase price Full call number Accession Number Koha item type
        RRII Library RRII Library 16/12/2021 185.00 678.023.3 CHE 21776 Books